Die Grenze als Grauzone

Titel: Die Grenze als Grauzone : Zum Problem der Perspektive in den deutsch-polnischen Beziehungen der Zwischenkriegszeit
Verfasser:
In: Grenzen in Ostmitteleuropa im 19. und 20. Jahrhundert, (2000), Seite 183-194
alle Artikel anzeigen
Veröffentlicht: 2000
Format: Aufsatz
Sprache: Deutsch
Kein Bild verfügbar
X
alg: 39145283
001A    $01999:11-11-16 
001B    $01999:25-04-21 $t10:51:54.000 
001D    $01999:11-11-16 
001U    $0utf8 
001X    $00 
002@    $0Aox 
003@    $0391452835 
007A    $0391452835 $aHEB 
007T    $0Herd17981 
010@    $ager 
011@    $a2000 
021A    $aDie @Grenze als Grauzone $dZum Problem der Perspektive in den deutsch-polnischen Beziehungen der Zwischenkriegszeit 
028A    $aNiendorf $dMathias 
031A    $h183-194 $j2000 
039B    $aIn $8--Aau--. Grenzen in Ostmitteleuropa im 19. und 20. Jahrhundert. - Marburg : Herder-Inst., 2000. - VI, 291 S.. - graph. Darst., Kt.. - ISBN 3-87969-275-0 $x200000000000000817 $9090986237 
045F    $a909 $eDDC23BSB 
045F/01 $a909 
045F/03 $g438 

lok: 39145283 78

exp: 39145283 78 1 #EPN
201B/01 $022-10-19 $t22:38:52.000 
201U/01 $0utf8 
203@/01 $0787546895 
208@/01 $a11-11-16 $be 
209A/01 $a/ $f000 $x00 
220C/01 $aTitelaufnehmer: cs;gm 
244Z/01 $2Trx $#Poola $#Lenkija $#Polija $#Polen Land $#Poland $#Lengyelország $#Poľsko $#Polsko $8--Trx--Polska$gkraj $x01 $9391345966 
244Z/01 $#Złotów $74407953-9 $8--Tg1--Flatow $x02 $9088574474 
244Z/01 $aGeschichte 1918-1939 $x03 
244Z/01 $2Trx $#suhted, Poola-Saksa $#santykiai, lenkų ir vokiečių $#relations, German-Polish $#kapcsolatok, lengyel-német $#stosunki niemiecko-polskie $#vzťahy nemecko-poľské $#vztahy německo-polské $8--Trx--Beziehungen, deutsch-polnische $x04 $9391368397 
244Z/01 $2Trx $#piirid $#sienos $#borders $#határok $#granice $#hranice $#hranice $8--Trx--Grenzen $x05 $9391373366 
244Z/01 $2Trx $#stereotüübid $#stereotipai $#Stereotypes $#sztereotipiák $#stereotypy $#stereotypy $#stereotypy $#Imagologie $#Fremdwahrnehmung $#Fremdenwahrnehmung $#imagologia $#imagológia $#imagologie $8--Trx--Stereotype $x06 $9391366254 
244Z/01 $2Trx $8--Trx--Einzelbeiträge $x07 $9391384570 
245Z/01 $a07.07 $x01 
247C/01 $82080>Marburg/Lahn, Herder-Institut, Forschungsbibliothek, Bibliographieportal $9336309341
LEADER 00000caa a22000002c 4500
001 391452835
003 DE-603
005 20210425105154.0
007 tu
008 161111s2000 xx |||| | u00||u|ger c
035 |a (DE-599)HEB391452835 
040 |a DE-603  |b ger  |c DE-603  |d DE-603 
041 |a ger 
082 0 4 |8 1\u  |a 909  |q DE-101  |2 23/BSB 
085 |8 1\u  |b 909 
085 |8 1\u  |z 2  |s 438 
100 1 |a Niendorf, Mathias 
245 0 0 |a ˜Dieœ Grenze als Grauzone  |b Zum Problem der Perspektive in den deutsch-polnischen Beziehungen der Zwischenkriegszeit 
264 0 |c 2000 
773 0 8 |i In  |t Grenzen in Ostmitteleuropa im 19. und 20. Jahrhundert  |d Marburg : Herder-Inst., 2000  |h VI, 291 S., graph. Darst., Kt.  |z 3879692750  |g (2000), Seite 183-194  |w (DE-603)090986237 
924 0 |9 2080  |a (DE-603)787546895  |b DE-2080  |c HES  |d d  |g /